| 000 | 00690cam a22002413a 4500 | ||
|---|---|---|---|
| 001 | 9680 | ||
| 003 | PGUSA | ||
| 005 | 20140828083215.0 | ||
| 008 | 060101s2006||||xxu|||||s|||||000 1 eng d | ||
| 040 |
_aPGUSA _beng |
||
| 042 | _adc | ||
| 050 | 4 | _aPR | |
| 100 | 1 |
_aDefoe, Daniel, _d-1731 |
|
| 245 | 1 | 0 |
_aDickory Cronke _h[electronic resource] / _cDaniel Defoe |
| 260 |
_bProject Gutenberg, _c2006 |
||
| 506 | _aCopyrighted. Read the copyright notice inside this book for details. | ||
| 516 | _aElectronic text | ||
| 653 | _aPhilosophers -- Fiction | ||
| 653 | _aDidactic fiction | ||
| 830 | 0 |
_aProject Gutenberg _v9680 |
|
| 856 | 4 | 0 | _uhttp://www.gutenberg.org/ebooks/9680 |
| 942 | _cAB | ||
| 999 |
_c238936 _d238936 |
||